|
|
|
|
| LEADER |
00000nam0a2200000 4500 |
| 001 |
327525 |
| 005 |
20231102003952.0 |
| 035 |
|
|
|a (RuTPU)RU\TPU\book\353209
|
| 090 |
|
|
|a 327525
|
| 100 |
|
|
|a 20170131d1947 km y0rusy50 ca
|
| 101 |
0 |
|
|a rus
|
| 102 |
|
|
|a RU
|
| 105 |
|
|
|a a z 001zb
|
| 200 |
1 |
|
|a Шарден
|f В. Н. Лазарев
|
| 210 |
|
|
|a Москва
|c Изд-во Государственного музея изобразительных искусств
|d 1947
|
| 215 |
|
|
|a 60 с.
|c ил.
|
| 320 |
|
|
|a Примечания: с. 51-56
|
| 600 |
|
1 |
|a Шарден
|b Ж. Б.
|c французский хужожник
|f 1699-1779
|g Жан-Бастит-Симеон
|2 stltpush
|3 (RuTPU)RU\TPU\pers\46605
|
| 606 |
1 |
|
|a Живописцы
|2 stltpush
|3 (RuTPU)RU\TPU\subj\10834
|9 37852
|
| 610 |
1 |
|
|a Франция
|
| 610 |
1 |
|
|a 16 век
|
| 610 |
1 |
|
|a французская живопись
|
| 610 |
1 |
|
|a история
|
| 610 |
1 |
|
|a художники
|
| 675 |
|
|
|a 75.071
|v 4
|
| 700 |
|
1 |
|a Лазарев
|b В. Н.
|
| 801 |
|
1 |
|a RU
|b 63413507
|c 20170131
|
| 801 |
|
2 |
|a RU
|b 63413507
|c 20201002
|g RCR
|
| 942 |
|
|
|c BK
|